| 000 | 00435cam a2200157ua 4500 | ||
|---|---|---|---|
| 041 |
_aeng _h |
||
| 082 |
_a551.48 _bSIN/KI |
||
| 100 | _aSingh, Vijay P . | ||
| 245 |
_aKinematic wave modelling in water resources: Environmental hydrology / _cVijay P Singh. _hTextual Documents |
||
| 260 |
_aLondon : _bJohn Wiley & Sons , _c1997. |
||
| 300 | _a830 ; . | ||
| 500 | _a**Reference | ||
| 504 | _a | ||
| 942 | _cBK | ||
| 999 |
_c10781 _d10781 |
||